Sets of Three VII Quiz Stats

 Plays Quiz Updated Jun 9, 2016

Also try: Sets of Three VI
Challenge
Share
Tweet
Embed
Score 0/30 Timer 04:00
9 Plays Today
% Correct
Coffee
96.6%
Neapolitan Ice Cream
96.3%
Baseball Positions
96.1%
Leg Bones
95.9%
Pasta
95.8%
Nordic Countries
95.6%
Golf Clubs
95.2%
Jonas Brothers
94.4%
Dances
94.3%
Parallelograms
94.1%
B Vitamins
93%
Salads
93%
Mediterranean Islands
92.7%
Hindu Deities
92.2%
Brontë Sisters
92%
% Correct
Knives
91.1%
The Rolling Stones
91.1%
Breads
90.4%
Drums
90.1%
Stooges
88.8%
Astronomical Stars
87.7%
Pointer Sisters
87.3%
Tenors
86.5%
Mirepoix Ingredients
85.2%
Marx Brothers
85.1%
Spanish Days
82.8%
American Idol Judges
77.2%
Saints
75.4%
Knots
74.1%
Penguins
48.7%

You're not logged in!

Compare scores with friends on all Sporcle quizzes.
OR
Log In

You Might Also Like...

Show Comments

Extras

Top Quizzes Today


Score Distribution

Your Account Isn't Verified!

In order to create a playlist on Sporcle, you need to verify the email address you used during registration. Go to your Sporcle Settings to finish the process.

Report this User

Report this user for behavior that violates our Community Guidelines.

Details: